Loading...
| Science - Other | 0 | 6 | 2 | 1 | 50 | 14 | 68.17 | 3 | 6 | 19.73 | 38.33 |
| Science - Chemistry | 0 | 5 | 1 | 1 | 45 | 73 | 91.60 | 1 | 2 | 5.04 | 20.00 |
| Science - Physics | 0 | 4 | 0 | 1 | 40 | 50 | 74.00 | 1 | 3 | 10.32 | 18.33 |
| Social Science | 0 | 3 | 0 | 0 | 30 | 94 | 99.33 | 1 | 1 | 2.74 | 15.56 |
| History - European | 0 | 2 | 0 | 1 | 20 | 63 | 89.50 | 0 | 0 | 2.15 | 2.86 |
| Religion | 0 | 1 | 0 | 1 | 10 | 114 | 114.00 | 0 | 1 | 0.00 | 1.67 |
| Science - Biology | 0 | 1 | 0 | 1 | 10 | 104 | 104.00 | 0 | 1 | 0.00 | 1.67 |
| Philosophy | 0 | 1 | 0 | 1 | 10 | 93 | 93.00 | 0 | 0 | 0.97 | 2.00 |
| Geography | 0 | 1 | 0 | 0 | 10 | 79 | 79.00 | 0 | 0 | 5.60 | 3.33 |
| History - Other | 0 | 1 | 0 | 0 | 10 | 102 | 102.00 | 1 | 1 | 0.00 | 3.33 |
| History - World | 0 | 1 | 0 | 1 | 10 | 110 | 110.00 | 0 | 1 | 0.08 | 5.00 |
| Current Events | 0 | 1 | 0 | 1 | 10 | 72 | 72.00 | 1 | 1 | 6.02 | 20.00 |
| Fine Arts - Classical Music | 0 | 0 | 0 | 0 | 0 | 0.00 | 0 | 0 | 0.00 | 0.00 |